000 00608nam a22002177a 4500
005 20170124110104.0
010 _aA-798754
020 _c00.00
_a8171673228
035 _aA-798754
037 _bCen Lib/Ret
040 _aDPL
_bEN
082 _aN-
_bSAR
100 _aSarukkai-Chabria, Priya
_927813
245 _aThe other Garden /
_cby Priya Sarukkai-Chabria
260 _aCalcutta
_bRupa.Co.
_c1995
270 _bCalcutta
_a15, Bubnkim Chatterjee Street
_e700073
300 _a303p.
_c17cm(Hb)
650 _aEnglish literature
_985815
650 _aNovels
_913976
942 _2ddc
_cEN
_hN-
_mSAR
999 _c129928
_d129928